30 biggest cities in Massachusetts - Statistics

General Stats
  • This quiz has been taken 76 times
  • The average score is 18 of 30
Answer Stats
Population City % Correct
653,833 Boston
100%
207,621 Worcester
97%
153,672 Springfield
94%
114,296 Lowell
91%
118,214 Cambridge
88%
93,840 Fall River
86%
101,597 Quincy
86%
101,241 Lynn
84%
100,695 New Bedford
84%
104,890 Brockton
80%
71,875 Framingham
77%
44,744 Salem
67%
88,415 Newton
64%
80,407 Somerville
64%
88,172 Lawrence
63%
43,076 Pittsfield
59%
67,396 Haverhill
56%
59,883 Taunton
56%
53,893 Peabody
48%
57,954 Revere
48%
64,477 Waltham
48%
65,133 Malden
47%
54,939 Chicopee
44%
58,744 Medford
42%
46,654 Attleboro
41%
49,600 Everett
38%
43,627 Leominster
33%
49,709 Barnstable Town
20%
57,459 Weymouth Town
20%
53,455 Methuen Town
17%
No matching quizzes found
Score Distribution
Percent of People with Each Score
Percentile by Number Answered
Your Score History
You have not taken this quiz